| 000 | 00776nam a2200241Ia 4500 | ||
|---|---|---|---|
| 999 |
_c53729 _d53729 |
||
| 001 | 20777 | ||
| 003 | GE_BSU | ||
| 005 | 20221110135737.0 | ||
| 008 | 181216s2015||||enk|||||||||||||| ||eng|| | ||
| 020 | _a9780077169657x | ||
| 040 | _cGE_BSU | ||
| 041 | _aeng | ||
| 080 | _a339.924 B-18 | ||
| 100 |
_aBaldwin, Richard _911122 |
||
| 245 | 4 |
_aThe Economics of European Integration / _cRichard Baldwin, Charles Wyplosz. |
|
| 250 | _aFifth edition | ||
| 264 |
_aLondon : _bMcGraw-Hill Education, _c2015. |
||
| 300 |
_a536 p. ; _c 25 cm. |
||
| 653 | _aЭкономика европейской интеграции | ||
| 653 | _aევროპული ინტეგრაციის ეკონომიკა | ||
| 700 |
_aWyplosz, Charles. _911123 |
||
| 942 |
_cBK _2udc |
||